[Event "II Dunav-Drava-Sava"]
[Site "Borovo CRO"]
[Date "2010.01.13"]
[Round "5"]
[White "Majeric,Z"]
[Black "Szuhanek,R"]
[Result "0-1"]
[WhiteElo "2250"]
[BlackElo "2479"]

1.e4 c5 2.Nc3 Nc6 3.Nf3 g6 4.Bb5 Bg7 5.Bxc6 bxc6 6.e5 f6 7.exf6 Nxf6 8.O-O O-O
9.d3 d6 10.h3 e5 11.Ne4 Nd5 12.Bg5 Qc7 13.c4 Nf4 14.Rb1 a5 15.a4 h6 16.Bh4 g5
17.Bg3 g4 18.hxg4 Bxg4 19.Bh4 Nxg2 20.Bf6 Bxf6 21.Kxg2 Bg5 22.Nfxg5  0-1

[Event "ch-POL"]
[Site "Warsaw POL"]
[Date "2010.01.13"]
[Round "5"]
[White "Heberla,B"]
[Black "Kanarek,M"]
[Result "1/2-1/2"]
[WhiteElo "2516"]
[BlackElo "2393"]

1.e4 c5 2.Nf3 Nc6 3.Nc3 d6 4.Bb5 Bd7 5.O-O g6 6.d3 Bg7 7.Bf4 Nf6 8.Qd2 O-O
9.Bxc6 Bxc6 10.Bh6 e5 11.Bxg7 Kxg7 12.a3 Nh5 13.b4 b6 14.Nd5 h6 15.bxc5 bxc5
16.Qe3 f5 17.Nd2 Bxd5 18.exd5 Nf6 19.Rab1 Rb8 20.Rxb8 Qxb8 21.Rb1 Qc7 22.c4 Rb8
23.Qe1 g5 24.f3 h5 25.Rxb8 Qxb8 26.Qb1 Qxb1+ 27.Nxb1 Kg6 28.Nc3 a6 29.Kf2 Kf7
30.g3 Ke7 31.h4  1/2-1/2

[Event "2nd Kirov Memorial Open"]
[Site "Blagoevgrad BUL"]
[Date "2010.01.14"]
[Round "6"]
[White "Angelov,G"]
[Black "Lalev,I"]
[Result "1-0"]
[WhiteElo "2257"]
[BlackElo "2026"]

1.e4 c5 2.Nc3 Nc6 3.Nf3 g6 4.d4 cxd4 5.Nxd4 Nf6 6.Nde2 d6 7.g3 h5 8.h4 Bg4
9.Bg2 Qc8 10.f3 Bd7 11.O-O Bg7 12.a4 O-O 13.Be3 Rd8 14.Qd2 Ne5 15.b3 Kh7
16.Rad1 Qc7 17.Nb5 Qb8 18.c4 a6 19.Nbc3 b5 20.axb5 axb5 21.Nxb5 Bxb5 22.cxb5 Qxb5
23.Nd4 Qb7 24.Kh1 Ra3 25.Bg1 Nfd7 26.f4 Ng4 27.e5 Qa6 28.Nc6 Re8 29.exd6 exd6
30.Qxd6 Ndf6 31.Ne5 Qxd6 32.Rxd6 Kg8 33.Nxg4 Nxg4 34.f5 Rf8 35.fxg6 Rxb3
36.gxf7+ Kh8 37.Rd5 Nf6 38.Rdf5 Rxf7 39.Bd4 Ng4 40.Rxf7 Bxd4 41.Bd5 Rxg3
42.R7f3 Rxf3 43.Rxf3 Kg7 44.Be6 Be5 45.Kg2 Bd6 46.Bxg4 hxg4 47.Rf5 g3 48.h5 Bb8
49.Kf3 Bd6 50.Rd5 Bb8 51.Kg2 Kh7 52.Kh3 Kh6 53.Kh4 g2 54.Rg5 Bf4 55.Rg6+ Kh7
56.Rxg2 Be3 57.Rg6 Bd2 58.Kg4 Bc1 59.Kf5  1-0

[Event "TCh-AUT 2009-10"]
[Site "Graz AUT"]
[Date "2010.01.14"]
[Round "4"]
[White "Atlas,V"]
[Black "Markos,J"]
[Result "1/2-1/2"]
[WhiteElo "2427"]
[BlackElo "2549"]

1.e4 c5 2.Nf3 Nc6 3.Nc3 Nf6 4.d4 cxd4 5.Nxd4 e5 6.Ndb5 d6 7.Nd5 Nxd5 8.exd5 Ne7
9.c4 Nf5 10.g3 a6 11.Na3 h5 12.Bg2 h4 13.O-O hxg3 14.hxg3 Qf6 15.Re1 Be7
16.c5 Bd7 17.Nc4 Rc8 18.c6 bxc6 19.Nb6 Rc7 20.Nxd7 Rxd7 21.dxc6 Rc7 22.Be3 Nxe3
23.Rxe3 O-O 24.Qd5 Rb8 25.Rb3 Rxb3 26.Qxb3 Qf5 27.Qb6 Qc8 28.Rc1 Bd8 29.Qb4 Bg5
30.Rd1 Be7 31.Qb6 g6 32.Bd5 Kg7 33.Rd3 Bd8 34.Ra3 a5 35.Qb5 Re7 36.Rxa5 Bxa5
37.Qxa5 e4 38.Qc3+ f6 39.b4 Qg4 40.Qd4 Qe2 41.Bc4 Qe1+ 42.Kg2 Qxb4 43.Qd5 Qb8  1/2-1/2

[Event "TCh-AUT 2009-10"]
[Site "Graz AUT"]
[Date "2010.01.14"]
[Round "4"]
[White "Maiwald,JU"]
[Black "Mikhalevski,V"]
[Result "1/2-1/2"]
[WhiteElo "2474"]
[BlackElo "2607"]

1.e4 c5 2.Nc3 Nc6 3.Bb5 Nd4 4.Bc4 e6 5.Nf3 Nf6 6.O-O Qc7 7.h3 a6 8.a4 b6
9.d3 Bb7 10.Re1 Be7 11.Nxd4 cxd4 12.Ne2 Nxe4 13.dxe4 Qxc4 14.Nxd4 Bf6 15.c3 Rc8
16.Nf3 h6 17.Bf4 O-O 18.Be5 Bxe5 19.Nxe5 Qc7 20.Qxd7 Rfd8 21.Qxc7 Rxc7 22.Rad1 Rxd1
23.Rxd1 Bxe4 24.Rd8+ Kh7 25.Nd7 Kg6 26.Nxb6 Bc2 27.Rd6 a5 28.f3 Kf6 29.Kf2 Ke7
30.Rd4 Bb3 31.Ke3 Ke8 32.f4 Rc6 33.Nd7 f6 34.Nb8 Rb6 35.Nd7 Rc6 36.Nb8 Rb6  1/2-1/2

[Event "8th Parsvnath Open"]
[Site "New Delhi IND"]
[Date "2010.01.15"]
[Round "3"]
[White "Ashwin,J"]
[Black "Savitskiy,S"]
[Result "1-0"]
[WhiteElo "2434"]
[BlackElo "2273"]

1.e4 c5 2.Nf3 Nc6 3.Nc3 g6 4.d4 cxd4 5.Nxd4 Bg7 6.Be3 Nf6 7.Bc4 O-O 8.Bb3 d6
9.f3 Bd7 10.Qd2 Na5 11.O-O-O Nxb3+ 12.cxb3 Qa5 13.Kb1 Rfc8 14.Bh6 Bxh6 15.Qxh6 b5
16.g4 b4 17.Nce2 Rab8 18.h4 Rb6 19.h5 Ra6 20.Nc1 e5 21.hxg6 fxg6 22.g5 Rxc1+
23.Kxc1 Nh5 24.Rxh5 gxh5 25.g6 hxg6 26.Qxg6+ Kf8 27.Rg1 d5 28.Qg7+ Ke8 29.Qxe5+ Kf8  1-0

[Event "8th Parsvnath Open"]
[Site "New Delhi IND"]
[Date "2010.01.16"]
[Round "4"]
[White "Deepan,C"]
[Black "Abhishek,D"]
[Result "1/2-1/2"]
[WhiteElo "2492"]
[BlackElo "2326"]

1.e4 c5 2.Nc3 Nc6 3.Bb5 e5 4.Nge2 Nf6 5.d3 Be7 6.O-O d5 7.Bg5 dxe4 8.dxe4 O-O
9.Bxc6 bxc6 10.Qxd8 Rxd8 11.Rfd1 Be6 12.f3 Kf8 13.Be3 Nd7 14.Na4 Ke8 15.Kf2 Rdb8
16.Rdb1 Rb7 17.b3 Rab8 18.c4 Bxc4 19.Rc1 Bxe2 20.Kxe2 f6 21.Nxc5 Nxc5 22.Bxc5 Bxc5
23.Rxc5 Rb6 24.Rd1 Ra6 25.Rd2 Rd8 26.a4 Rb6  1/2-1/2

[Event "8th Parsvnath Open"]
[Site "New Delhi IND"]
[Date "2010.01.16"]
[Round "4"]
[White "Thipsay,P"]
[Black "Karma,P"]
[Result "1/2-1/2"]
[WhiteElo "2469"]
[BlackElo "2116"]

1.e4 c5 2.Nf3 Nc6 3.Nc3 g6 4.d4 cxd4 5.Nxd4 Bg7 6.Be3 Nf6 7.Nb3 O-O 8.Be2 d6
9.O-O Be6 10.f4 Qc8 11.Kh1 Rd8 12.Bg1 d5 13.e5 Ne4 14.Nd4 Nxc3 15.bxc3 Bd7
16.Bd3 f6 17.exf6 Bxf6 18.Qe1 Rf8 19.Qg3 Nxd4 20.Bxd4 Bf5 21.Rae1 Rf7 22.h4 Bxd3
23.cxd3 Qf5 24.Bxf6 exf6 25.Qf3 h5 26.d4 Rc8 27.Re3 Kg7 28.Kh2 b5 29.Rf2 Rfc7
30.Qe2 a6 31.Rff3 Qg4 32.f5 Qxh4+ 33.Kg1 b4 34.Re7+ Kh6 35.fxg6 Rxc3 36.Rxc3 Rxc3
37.Qd2+ Kxg6 38.Re6 Qg5 39.Qxg5+ Kxg5 40.Rd6  1/2-1/2

[Event "8th Parsvnath Open"]
[Site "New Delhi IND"]
[Date "2010.01.16"]
[Round "4"]
[White "Grover,S"]
[Black "Rajesh,VA"]
[Result "1/2-1/2"]
[WhiteElo "2448"]
[BlackElo "2321"]

1.e4 c5 2.Nf3 Nc6 3.Nc3 e5 4.Bc4 d6 5.d3 Be7 6.O-O Be6 7.Nd5 Nf6 8.c3 O-O
9.a3 Rb8 10.Bd2 b5 11.Ba2 c4 12.dxc4 bxc4 13.Nxf6+ Bxf6 14.Qc2 Na5 15.Be3 Qc7
16.Rab1 Rb7 17.Nd2 Rfb8 18.f4 exf4 19.Bxf4 Qc5+ 20.Kh1 Nc6 21.Nf3 h6 22.Qe2 Ne5
23.Be3 Qc7 24.Nxe5 Bxe5 25.Bd4 Rb5 26.Rfd1 a6 27.Rd2 Bf4 28.Be3 Be5 29.Bd4 Bf4
30.Be3 Be5  1/2-1/2

[Event "8th Parsvnath Open"]
[Site "New Delhi IND"]
[Date "2010.01.16"]
[Round "4"]
[White "Tiwari,Ar"]
[Black "Rahman,Zia"]
[Result "0-1"]
[WhiteElo "2295"]
[BlackElo "2548"]

1.e4 c5 2.Nc3 Nc6 3.Bb5 g6 4.Bxc6 bxc6 5.d3 Bg7 6.f4 d6 7.Nf3 Nh6 8.O-O O-O
9.Qe1 f6 10.h3 Nf7 11.Nd1 f5 12.Ne3 fxe4 13.dxe4 Rb8 14.Rb1 d5 15.e5 Ba6
16.Rf2 d4 17.Nf1 Qd5 18.b3 Nd8 19.c4 dxc3 20.Be3 Ne6 21.Rd1 Qe4 22.Qxc3 Rbd8
23.Rxd8 Rxd8 24.N3d2 Qd3 25.Qa5 Rf8 26.h4 h6 27.Qa4 Nd4 28.Bxd4 Bb5 29.Rf3 Qxd4+
30.Qxd4 cxd4 31.Nc4 g5 32.fxg5 hxg5 33.hxg5 Bxc4 34.Rxf8+ Kxf8 35.bxc4 Bxe5
36.Nd2 Bf4 37.Ne4 Be3+ 38.Kf1 d3 39.Nf2 Bxf2 40.Kxf2 e5  0-1

[Event "8th Parsvnath Open"]
[Site "New Delhi IND"]
[Date "2010.01.16"]
[Round "5"]
[White "Debashish,Du"]
[Black "Shashikant,K"]
[Result "1-0"]
[WhiteElo "2142"]
[BlackElo "2319"]

1.e4 c5 2.Ne2 Nc6 3.Nbc3 d6 4.g3 g6 5.Bg2 Bg7 6.d3 e6 7.Be3 Nd4 8.Qd2 Rb8
9.O-O Ne7 10.f4 O-O 11.Rae1 b6 12.h3 Bb7 13.Nd1 f5 14.Rf2 Qd7 15.c3 Nxe2+
16.Qxe2 Rbe8 17.Bf3 e5 18.Rh2 d5 19.Nf2 Kh8 20.h4 exf4 21.Bxf4 fxe4 22.dxe4 dxe4
23.Bg4 Nf5 24.h5 g5 25.Bxg5 Qd5 26.h6 Be5 27.Bxf5 Rxf5 28.Bh4 Rf3 29.Ng4 Bxg3
30.Qxf3 Bxh2+ 31.Kxh2 Qe6 32.Qf2 Qd6+ 33.Bg3 Qg6 34.Qf6+ Qxf6 35.Nxf6 Re7
36.Rd1  1-0

[Event "8th Parsvnath Open"]
[Site "New Delhi IND"]
[Date "2010.01.16"]
[Round "5"]
[White "Vishnu,P"]
[Black "Bhagwat,V"]
[Result "1/2-1/2"]
[WhiteElo "2358"]
[BlackElo "2170"]

1.e4 c5 2.Nf3 Nc6 3.Nc3 e5 4.Bc4 d6 5.d3 Be7 6.O-O Nf6 7.Ng5 O-O 8.f4 Bg4
9.Qe1 exf4 10.Bxf4 h6 11.Nf3 Be6 12.Bxe6 fxe6 13.e5 Nh5 14.exd6 Nxf4 15.dxe7 Qxe7
16.Qe4 Rad8 17.Rae1 Nd4 18.Nxd4 Rxd4 19.Qe5 b6 20.Re3 Rf6 21.Ref3 Ng6 22.Qe3 Rxf3
23.Rxf3 Nh4 24.Rf2 Rg4 25.Ne4 Nf5 26.Qf3 Rg6 27.Qf4 Kh7 28.a4 Qd7 29.b3 Qd4
30.h3 Qa1+ 31.Kh2 Qe1 32.Qf3 Ne3 33.Qe2 Qc1 34.a5 Nd5 35.Rf1 Qb2 36.Nd6 Qd4
37.Rf8 Nf4 38.Qe4 Qxe4 39.Nxe4 Nxg2 40.a6 Ne3 41.Rf7 Rg2+ 42.Kh1 Rxc2 43.Rxa7 Ra2
44.Nd6 Nf5 45.Ne4 Nd4 46.Kg1 Nxb3 47.h4 Kg6 48.h5+ Kf5 49.Nd6+ Kg5 50.Rxg7+ Kxh5
51.a7 Nd4 52.Nc8 Nc6 53.Rc7 Nxa7 54.Nxa7 Rd2 55.Rc6 Rxd3 56.Rxb6 Re3 57.Rb5 Rc3
58.Rb6 Re3 59.Rc6 Re5 60.Nb5 Kg4 61.Kf2 h5 62.Rc7 h4 63.Rg7+ Rg5 64.Rh7 h3
65.Nc3 Rh5 66.Rg7+ Kf5 67.Rg1 h2 68.Rh1 Ke5 69.Ne2 c4 70.Kg2 Rg5+ 71.Kf3 Rh5
72.Kg2  1/2-1/2

[Event "8th Parsvnath Open"]
[Site "New Delhi IND"]
[Date "2010.01.17"]
[Round "6"]
[White "Grover,S"]
[Black "Abhishek,D"]
[Result "1-0"]
[WhiteElo "2448"]
[BlackElo "2326"]

1.e4 c5 2.Nf3 Nc6 3.Nc3 e5 4.Bc4 Be7 5.d3 d6 6.O-O h6 7.Ne1 Nf6 8.f4 exf4
9.Bxf4 O-O 10.Nf3 Be6 11.Nd5 Bxd5 12.Bxd5 Nxd5 13.exd5 Ne5 14.Bxe5 dxe5 15.c4 Bd6
16.g4 g6 17.Kh1 Kh7 18.Rg1 Qe7 19.Nd2 f6 20.Ne4 Rf7 21.Qf3 Raf8 22.Raf1 b6
23.Qh3 Kg7 24.Rf3 Qd7 25.b3 Be7 26.Rg2 Bd8 27.Kg1 Be7 28.Ng3 Rh8 29.Ne4 Rhf8
30.Qg3 Kh7 31.h4 Bd8 32.h5 Rg7 33.Qh3 g5 34.Rf5 Rgf7 35.Qf3 Kg7 36.Rf2 Be7
37.Ng3 Bd8 38.Qe4 Rh8 39.R5f3 Kf8 40.Kg2 Rg8 41.Nf5 Rh8 42.Kh3 Kg8 43.a3 a5
44.Rb2 Be7 45.Nxe7+ Qxe7 46.Qg6+ Rg7 47.Qxf6 Qxf6 48.Rxf6 Kh7 49.Kg3  1-0

[Event "8th Parsvnath Open"]
[Site "New Delhi IND"]
[Date "2010.01.17"]
[Round "6"]
[White "Priyadharshan,K"]
[Black "Kryakvin,D"]
[Result "1/2-1/2"]
[WhiteElo "2362"]
[BlackElo "2575"]

1.e4 c5 2.Nc3 Nc6 3.Nf3 d6 4.d4 cxd4 5.Nxd4 Nf6 6.h3 e6 7.g4 h6 8.Be3 a6
9.Bg2 Bd7 10.Qe2 Qc7 11.O-O-O Be7 12.f4 Rc8 13.Kb1 b5 14.e5 dxe5 15.Nxc6 Bxc6
16.Bxc6+ Qxc6 17.fxe5 Ne4 18.Nxe4 Qxe4 19.Qd3 Qxd3 20.Rxd3 f6 21.Bd4 Rd8
22.a4 bxa4 23.Re1 Kf7 24.exf6 gxf6 25.Re4 a3 26.bxa3 Rb8+ 27.Bb2 Rb5 28.Rb3 Rhb8
29.Ka2 e5 30.Bc1 Kg6 31.Rxb5 axb5 32.c4 b4 33.axb4 Rxb4 34.Bd2 Ra4+ 35.Kb2 Bc5
36.Bc3 h5 37.Bxe5 fxe5 38.Rxe5 Rxc4 39.Rxh5 Bd4+ 40.Kb3 Rc3+ 41.Kb4 Bf6 42.Kb5 Be7
43.Re5 Kf6 44.Rh5 Ke6 45.Rh6+ Ke5 46.h4 Bd6 47.Rh5+ Kf4 48.g5 Kf5 49.Rh7 Be5
50.Rh6 Bg7 51.Rc6 Rh3 52.Rc5+ Be5 53.Rc4 Bf4 54.Rc5+ Be5 55.Rc4 Rh1 56.Kc6 Bf4
57.Rc5+ Kg6 58.Kd5 Rxh4 59.Rc6+ Kxg5 60.Re6 Rh1 61.Re2 Kf5 62.Rf2 Rd1+ 63.Kc6 Rd3
64.Rf1 Ke5 65.Re1+ Be3 66.Rh1 Ke6 67.Rh5 Rc3+ 68.Kb5 Bd4 69.Rh7 Be5 70.Kb4 Rc8
71.Kb3 Kd5 72.Rd7+ Bd6 73.Rh7 Ke4 74.Rh4+ Bf4 75.Rg4 Ke5 76.Rg7 Kd6 77.Rg4 Be5
78.Rc4 Rb8+ 79.Rb4 Rh8 80.Rb5 Rc8 81.Ra5 Rc3+ 82.Kb4 Rc1 83.Kb3 Rc6 84.Ra2 Kd5
85.Ra8 Kd4 86.Rg8 Kd3 87.Kb4 Bd4 88.Rg3+ Be3 89.Rh3 Rb6+ 90.Ka5 Rb3 91.Ka4 Rb8
92.Ka5 Kd4 93.Ka6 Ke4 94.Rh7 Bc5 95.Rb7 Ra8+ 96.Kb5 Kd5 97.Rc7 Rb8+ 98.Ka6 Kc4
99.Rc6 Kd5 100.Rc7 Rb2 101.Rc8 Rb6+ 102.Ka7 Kd6 103.Rg8 Rb3+ 104.Ka6 Kc7
105.Ka5 Kc6 106.Rc8+ Kd5 107.Rg8 Kc4 108.Rg4+ Bd4 109.Ka6 Rb6+  1/2-1/2

[Event "8th Parsvnath Open"]
[Site "New Delhi IND"]
[Date "2010.01.18"]
[Round "7"]
[White "Tilak,S"]
[Black "Bhagwat,V"]
[Result "1-0"]
[WhiteElo "2318"]
[BlackElo "2170"]

1.e4 c5 2.Nc3 Nc6 3.Bb5 e6 4.Bxc6 bxc6 5.d3 Qc7 6.f4 d6 7.Nf3 g6 8.O-O Bg7
9.Qe1 Ne7 10.Rb1 c4 11.dxc4 Ba6 12.b3 O-O 13.Na4 d5 14.Nc5 dxc4 15.Nxa6 Qb6+
16.Be3 Qxa6 17.Qe2 Qxa2 18.Qxc4 c5 19.Ne5 Bxe5 20.fxe5 Rac8 21.Bh6 Rfe8 22.Qc3  1-0

[Event "8th Parsvnath Open"]
[Site "New Delhi IND"]
[Date "2010.01.18"]
[Round "7"]
[White "Iuldachev,S"]
[Black "Roy Chowdhury,S"]
[Result "1/2-1/2"]
[WhiteElo "2519"]
[BlackElo "2413"]

1.e4 c5 2.Nc3 Nc6 3.Nge2 g6 4.d4 cxd4 5.Nxd4 Bg7 6.Be3 Nf6 7.Bc4 O-O 8.Bb3 a5
9.O-O Nxd4 10.Bxd4 d6 11.Re1 Bd7 12.a4 Bc6 13.f3 Rc8 14.Kh1 Nd7 15.Bxg7 Kxg7
16.Qd4+ Kg8 17.Rad1 Qb6 18.Qd2 Nc5 19.Qe3 Qb4 20.Rd4 Qb6 21.Rd2 Qb4 22.Rd4 Qb6
23.Rc4 e5 24.h3 Qd8 25.Rd1 Qe7 26.Ba2 Rcd8 27.Nd5 Bxd5 28.Rxd5 Kg7 29.f4 exf4
30.Qxf4 Rfe8 31.Rd1 Nxe4 32.Rcd4 f5 33.Rd5 Rc8 34.c3 Rc5 35.Kh2 Rxd5 36.Rxd5 Nf6
37.Qd4 Kh6 38.Qf4+ Kg7 39.Qd4  1/2-1/2

[Event "8th Parsvnath Open"]
[Site "New Delhi IND"]
[Date "2010.01.19"]
[Round "8"]
[White "Tilak,S"]
[Black "Le Quang Liem"]
[Result "0-1"]
[WhiteElo "2318"]
[BlackElo "2647"]

1.e4 c5 2.Nc3 Nc6 3.Bb5 Nd4 4.Bc4 e6 5.Nf3 a6 6.Nxd4 cxd4 7.Ne2 Nf6 8.Bd3 Bc5
9.O-O Qc7 10.b4 Bxb4 11.Nxd4 Bc5 12.Nf3 d6 13.c3 e5 14.h3 O-O 15.Bc2 Ba7
16.d4 Be6 17.Bg5 Qxc3 18.Rc1 Nh5 19.Bb3 Bxb3 20.axb3 Qa5 21.Nh4 g6 22.Nf5 exd4
23.Ne7+ Kg7 24.Nd5 Rae8 25.Qf3 Re5 26.Bf6+ Nxf6 27.Qxf6+ Kg8 28.Ne7+ Rxe7
29.Qxe7 d3 30.Qxb7 Bc5 31.Rc4 d2 32.b4 Qa2 33.Qd5 Bxf2+ 34.Kh2 Qb3 35.Kh1 Qe3
36.Rc2 Qe2 37.Qc4 Qxc4 38.Rxc4 d5  0-1

[Event "8th Parsvnath Open"]
[Site "New Delhi IND"]
[Date "2010.01.19"]
[Round "8"]
[White "Grover,S"]
[Black "Arkhangelsky,B"]
[Result "1-0"]
[WhiteElo "2448"]
[BlackElo "2291"]

1.e4 c5 2.Nf3 Nc6 3.Nc3 Nf6 4.Bb5 Nd4 5.e5 Nxb5 6.Nxb5 Nd5 7.Ng5 f6 8.Qf3 fxg5
9.Qxd5 a6 10.Nc3 e6 11.Qf3 Qc7 12.Qh5+ g6 13.Qxg5 Bg7 14.f4 O-O 15.d3 b5
16.Ne4 Bb7 17.Nd6 Rf5 18.Qg3 Qc6 19.Be3 Qxg2 20.Qxg2 Bxg2 21.Rg1 Bd5 22.c4 Bc6
23.Nxf5 exf5 24.Bxc5 Rc8 25.Bd6 Bh6 26.Rf1 Kf7 27.b3 Ke6 28.Kd2 g5 29.fxg5 Bxg5+
30.Kc3 Be3 31.Rae1 Bg2 32.Rxf5 Kxf5 33.Rxe3 Bc6 34.Rg3 h5 35.h4 Rh8 36.d4  1-0

[Event "76th ch-BLR"]
[Site "Minsk BLR"]
[Date "2010.01.21"]
[Round "10"]
[White "Kovalev,Vl"]
[Black "Zhigalko,S"]
[Result "0-1"]
[WhiteElo "2349"]
[BlackElo "2668"]

1.e4 c5 2.Nf3 Nc6 3.Nc3 Nf6 4.Bb5 Qc7 5.Qe2 e5 6.Nd5 Nxd5 7.exd5 Nd4 8.Nxd4 cxd4
9.c3 a6 10.Bd3 Bc5 11.b4 Ba7 12.Bb2 dxc3 13.dxc3 d6 14.c4 O-O 15.O-O Re8
16.Rac1 e4 17.Bb1 Bf5 18.Qd2 Rac8 19.Kh1 Bg6 20.Rfe1 Qb6 21.c5 dxc5 22.bxc5 Rxc5
23.Bd4 Qd6 24.Bxc5 Bxc5 25.Qc2 Bb4 26.Rxe4 Rd8 27.Qe2 Bxe4 28.Qxe4 g6 29.Rd1 Bc5
30.f4 Qd7 31.f5 Re8 32.Qf3 Re3 33.Qf1 Qe7 34.g3 Qe5 35.Qc4 Bd6 36.Rf1 Re2
37.Qc8+ Bf8 38.Qd8 Qb2 39.Qh4 Be7 40.Qh3 Qd2  0-1

[Event "8th Parsvnath Open"]
[Site "New Delhi IND"]
[Date "2010.01.21"]
[Round "10"]
[White "Grover,S"]
[Black "Savitskiy,S"]
[Result "1-0"]
[WhiteElo "2448"]
[BlackElo "2273"]

1.e4 c5 2.Nc3 Nc6 3.Bb5 e6 4.Bxc6 bxc6 5.d3 d6 6.f4 g6 7.Nf3 Bg7 8.O-O Ne7
9.Qe1 O-O 10.Qh4 a5 11.Be3 a4 12.a3 Ra5 13.Bd2 Ra8 14.Rae1 d5 15.f5 exf5
16.e5 f4 17.Qxf4 Nf5 18.g4 Bh6 19.g5 Bg7 20.Nxa4 Qe7 21.Nb6 Rb8 22.Nxc8 Rfxc8
23.Bc1 h5 24.Kg2 Qe6 25.b3 Bf8 26.h3 Bg7 27.Rf2 Re8 28.Bd2 Ra8 29.Bc1 Reb8
30.Bb2 Bf8 31.Nh4 Nxh4+ 32.Qxh4 Bg7 33.Ref1 Rb7 34.Qg3 d4 35.Re2 Re8 36.Bc1 Rbe7
37.Bf4 Qd5+ 38.Qf3 Ra7 39.a4 Re6 40.Rfe1 Kf8 41.Bc1 Kg8 42.Ba3 Bf8 43.Bc1 Bg7
44.Bf4 Kf8 45.Kf2 Kg8 46.Re4 Bf8 47.h4 Bg7 48.R4e2 Bf8 49.Rb1 Be7 50.Qxd5 cxd5
51.Bd2 Kf8 52.c3 dxc3 53.Bxc3 Rb6 54.Reb2 Ke8 55.Ke2 d4 56.Bd2 Kd7 57.Kf3 Ke6
58.Ke4 Rbb7 59.Ra2 Ra6 60.Rab2 Ra8 61.Be1 Ra6 62.a5 Rb5 63.Ra2 Bd8 64.b4 cxb4
65.Kxd4 Raxa5 66.Rxa5 Rxa5 67.Bg3 Be7 68.Ke4 Rb5 69.Rb3 Ra5 70.Bf4 Ra1 71.d4 Re1+
72.Be3 Kd7 73.Rb2 Bf8 74.Rf2 Ke8 75.Ra2 Be7 76.Kd3 Rb1 77.Ra8+ Kd7 78.Ra7+ Ke8
79.Rb7 Rb3+ 80.Ke4 Rc3 81.d5 Rc4+ 82.Kd3 Rc3+ 83.Ke4 Rc4+ 84.Kf3 Rxh4 85.d6 Bd8
86.Bc5 Ba5 87.Ra7 Rh3+ 88.Ke4 Ra3 89.Kd5 Rd3+ 90.Kc6 Kf8 91.Rxa5 b3 92.d7+ Kg7
93.Bd6  1-0

[Event "8th Parsvnath Open"]
[Site "New Delhi IND"]
[Date "2010.01.22"]
[Round "11"]
[White "Tilak,S"]
[Black "Singh,Ar"]
[Result "1-0"]
[WhiteElo "2318"]
[BlackElo "2156"]

1.e4 c5 2.Nc3 Nc6 3.Bb5 Nd4 4.Bc4 e6 5.Nf3 g6 6.O-O Bg7 7.Nxd4 cxd4 8.Nb5 a6
9.Nd6+ Ke7 10.Nxc8+ Rxc8 11.d3 h5 12.b4 Nh6 13.a4 Ke8 14.a5 Ng4 15.h3 Rxc4
16.dxc4 d3 17.Ra3 dxc2 18.Qxc2 Bd4 19.hxg4 hxg4 20.g3 Qf6 21.Kg2 Rh3 22.Rh1 Bxf2
23.Rxh3 gxh3+ 24.Kxh3 Bd4 25.Qe2 g5 26.Rd3 Bg1 27.Kg2  1-0

[Event "LX Abto de Verano"]
[Site "Villa Ballester ARG"]
[Date "2010.01.22"]
[Round "2"]
[White "Rey Besada,F"]
[Black "Antonel,Lucas Gonzalo"]
[Result "1/2-1/2"]
[WhiteElo "2190"]
[BlackElo "1926"]

1.e4 c5 2.Nf3 Nc6 3.Nc3 g6 4.d4 cxd4 5.Nxd4 Bg7 6.Be3 Nf6 7.Bc4 O-O 8.Bb3 d6
9.h3 Bd7 10.O-O Rc8 11.f4 Nxd4 12.Bxd4 Bc6 13.Qd3 b5 14.Nd5 e6 15.Nxf6+ Bxf6
16.Bxa7 Bxb2 17.Rae1 d5 18.exd5 Bxd5 19.Qxb5 Bxb3 20.cxb3 Ra8 21.Qe2 Bc3
22.Bc5 Bxe1 23.Bxf8 Bd2 24.Bh6 Qd4+  1/2-1/2

[Event "LX Abto de Verano"]
[Site "Villa Ballester ARG"]
[Date "2010.01.23"]
[Round "3"]
[White "Perez Ponsa,F"]
[Black "Koch,Ju"]
[Result "1-0"]
[WhiteElo "2437"]
[BlackElo "2052"]

1.e4 c5 2.Nf3 Nc6 3.Nc3 g6 4.d4 cxd4 5.Nxd4 Bg7 6.Be3 Nf6 7.Bc4 O-O 8.Bb3 Ng4
9.Qxg4 Nxd4 10.Qd1 Nxb3 11.axb3 d6 12.O-O f5 13.Bd4 e5 14.Bxa7 Be6 15.Nb5 d5
16.exd5 Bxd5 17.Nc7 Qxc7 18.Qxd5+ Qf7 19.Qxf7+ Kxf7 20.Bb6 Rfc8 21.c3 Bf8
22.f3 Rxa1 23.Rxa1 Rc6 24.Bf2 Rd6 25.Be1 Rd7 26.Kf1 g5 27.Ke2 Ke6 28.Bf2 h5
29.Ra8 Kf7 30.h3 g4 31.hxg4 hxg4 32.fxg4 Bh6 33.Be1 fxg4 34.Ra4 g3 35.Bxg3 Rd2+
36.Kf3 Rd3+ 37.Kg4 Ke6 38.Rb4 Rd7 39.Rb6+  1-0

[Event "ch-BUL S/F Women"]
[Site "Plovdiv BUL"]
[Date "2010.01.25"]
[Round "2"]
[White "Todorova,K"]
[Black "Vasileva,C"]
[Result "0-1"]
[WhiteElo "1782"]
[BlackElo "1451"]

1.e4 c5 2.Ne2 Nc6 3.Nbc3 Nf6 4.g3 e5 5.Bg2 d6 6.O-O Be7 7.d3 O-O 8.h3 Be6
9.Nd5 Qc8 10.Kh2 Bxd5 11.exd5 Nb4 12.Nc3 Qf5 13.f4 Qd7 14.f5 Rac8 15.a3 Na6
16.g4 Ne8 17.g5 g6 18.f6 Bd8 19.Qe1 c4 20.Qh4 cxd3 21.cxd3 Nc5 22.Re1 Nxd3
23.Re4 h5 24.Re3 Nf4 25.Bf3 Bb6 26.Re4 Nd3 27.Re2 Qf5 28.Qg3 h4 29.Qg2 Nxc1
30.Bg4 Qf4+ 31.Kh1 Rc4 32.Re1 Nb3 33.Rad1 Qxg5 34.Ne4 Qf4 35.Rd3 Rc1 36.Rxc1 Qxc1+
37.Kh2 Qf4+ 38.Kh1 Nc5 39.Nxc5 Bxc5 40.Rf3 Qg5 41.Qf1 e4 42.Rf4 Qxd5 43.Qe1 e3+
44.Bf3 Qg5 45.Rxh4 Nxf6  0-1

[Event "2nd Chennai Open"]
[Site "Chennai IND"]
[Date "2010.01.26"]
[Round "2"]
[White "Iuldachev,S"]
[Black "Yashas,D"]
[Result "1-0"]
[WhiteElo "2519"]
[BlackElo "2193"]

1.e4 c5 2.Nc3 Nc6 3.Bb5 g6 4.Bxc6 dxc6 5.d3 Bg7 6.Be3 b6 7.Qd2 Qd6 8.Nge2 e5
9.O-O Ne7 10.Bh6 O-O 11.Ng3 Be6 12.Bxg7 Kxg7 13.f4 f6 14.b3 Rae8 15.Nce2 Bg4
16.Nc3 Be6 17.Rf2 b5 18.Raf1 Ng8 19.h3 Bd7 20.Nce2 a6 21.Qc3 Bc8 22.a3 Bd7
23.Kh1 Bc8 24.b4 cxb4 25.axb4 h5 26.fxe5 fxe5 27.Nc1 Rxf2 28.Rxf2 Be6 29.Nge2 Rf8
30.Rxf8 Kxf8 31.Qa3 Ne7 32.c3 Bc8 33.d4 Qf6 34.Qb2 Qe6 35.Qd2 exd4 36.Qxd4 Kf7
37.Nd3 g5 38.Ng3 h4 39.Ne5+ Ke8 40.Nh5 Qh6 41.Qd1 Be6 42.Kh2 Qh8 43.Qd6 Qxh5
44.Qxe6 Kf8 45.Nd7+  1-0

[Event "2nd Chennai Open"]
[Site "Chennai IND"]
[Date "2010.01.26"]
[Round "3"]
[White "Roy Chowdhury,S"]
[Black "Ramakrishna,J"]
[Result "1-0"]
[WhiteElo "2413"]
[BlackElo "2242"]

1.e4 c5 2.Nc3 Nc6 3.Bb5 g6 4.Bxc6 bxc6 5.f4 Bg7 6.Nf3 d5 7.e5 Nh6 8.O-O Nf5
9.b3 Qa5 10.Na4 h5 11.d3 c4 12.d4 e6 13.c3 cxb3 14.axb3 Qc7 15.Re1 Ba6 16.Nc5 Bb5
17.Ba3 a5 18.Qc2 Bf8 19.c4 Bxc5 20.Bxc5 Ba6 21.Qc3 Bb7 22.b4 axb4 23.Qxb4 Kd7
24.Bd6 c5 25.dxc5 Qc6 26.Rab1 Ba6 27.cxd5 Qxd5 28.c6+ Qxc6 29.Rec1  1-0

[Event "2nd Chennai Open"]
[Site "Chennai IND"]
[Date "2010.01.27"]
[Round "4"]
[White "Kravtsiv,M"]
[Black "Rajesh,VA"]
[Result "1-0"]
[WhiteElo "2545"]
[BlackElo "2321"]

1.e4 c5 2.Nf3 Nc6 3.Nc3 e5 4.Bc4 d6 5.d3 Be7 6.O-O Nf6 7.Ng5 O-O 8.f4 Bg4
9.Qd2 exf4 10.Qxf4 Ne5 11.Bb3 h6 12.Nh3 Bxh3 13.gxh3 b5 14.Nxb5 Qd7 15.a4 Qxh3
16.Qg3 Qxg3+ 17.hxg3 c4 18.Bxc4 Nxc4 19.dxc4 Nxe4 20.Re1 f5 21.Nc3 Rfc8 22.Nxe4 fxe4
23.Rxe4 Bf6 24.c3 Rab8 25.Ra2 Rb7 26.a5 a6 27.Kf1 Be5 28.Bf4 Rf7 29.Ke2 Bxf4
30.gxf4 Rf5 31.Rd4 Rc6 32.Kd3 Kf7 33.b4 Ke6 34.Re2+ Kf7 35.Ree4 h5 36.Re2 g6
37.Rb2 Ke6 38.Rb1 h4 39.Rh1 Rh5 40.Rxh4 Rxh4 41.f5+ Kxf5 42.Rxh4 g5 43.Rh6 g4
44.c5 Rc8 45.Rxd6 Re8 46.Kc4 g3 47.Rd1 g2 48.c6 Rd8 49.Rg1 Rg8 50.Kd5 Rg3
51.c4 Kf6  1-0

[Event "8th Gibtelecom Masters"]
[Site "Caleta ENG"]
[Date "2010.01.28"]
[Round "3"]
[White "Gonzalez Amaya,M"]
[Black "Ivanov,StojanE"]
[Result "1/2-1/2"]
[WhiteElo "1805"]
[BlackElo "2198"]

1.e4 c5 2.Nc3 Nc6 3.Nge2 Nf6 4.g3 d5 5.exd5 Nxd5 6.Bg2 Nc7 7.O-O g6 8.d3 Bg7
9.Be3 Ne6 10.Qd2 O-O 11.Bh6 Ncd4 12.Bxg7 Kxg7 13.Ne4 Rb8 14.c3 Nxe2+ 15.Qxe2 b6
16.Nxc5 Qd6 17.Nxe6+ Bxe6 18.Rfe1 Rfd8 19.d4 Rbc8 20.a3 Rc7 21.Qe5+ Qxe5
22.Rxe5 Bb3 23.Rae1 e6 24.f4 Bc4 25.Kf2 Rd6 26.g4 h6 27.h4 Rdd7 28.R5e3 Rd6
29.Re5  1/2-1/2

[Event "2nd Chennai Open"]
[Site "Chennai IND"]
[Date "2010.01.28"]
[Round "5"]
[White "Kotsur,P"]
[Black "Ganesh,Ba"]
[Result "1-0"]
[WhiteElo "2568"]
[BlackElo "2149"]

1.e4 c5 2.Nf3 Nc6 3.Nc3 e5 4.Bc4 Be7 5.d3 d6 6.a3 Nf6 7.h3 h6 8.Ba2 Rb8 9.O-O O-O
10.Re1 Kh8 11.Ne2 Nh7 12.Ng3 Ng5 13.c3 Be6 14.b4 cxb4 15.axb4 a6 16.Nf5 Bxf5
17.exf5 Nxf3+ 18.Qxf3 Bg5 19.Be3 Qf6 20.Bd5 Bxe3 21.fxe3 Rfc8 22.Rab1 Rc7
23.c4 Ne7 24.Be4 b5 25.Rec1 bxc4 26.dxc4 Rbc8 27.Bb7 Rb8 28.Bxa6 d5 29.b5 dxc4
30.e4 Ng8 31.Rb4 c3 32.Rxc3 Qb6+ 33.Kh2 Rxc3 34.Qxc3 Nf6 35.Rc4 Qf2 36.Qg3 Qb2
37.Rc5 Re8 38.Rc7 Nxe4 39.Qd3 Nf6 40.Rxf7 e4 41.Qg3 Nh5 42.Qd6 e3 43.b6 e2
44.Bxe2 Qxe2 45.b7 Kg8 46.Rd7  1-0

[Event "ch-UKR b18"]
[Site "Kyiv UKR"]
[Date "2010.01.28"]
[Round "4"]
[White "Volovikov,An"]
[Black "Bogdanovich,S"]
[Result "0-1"]
[WhiteElo "2240"]
[BlackElo "2386"]

1.e4 c5 2.Nc3 Nc6 3.Bb5 Nd4 4.a4 g6 5.Nge2 Bg7 6.O-O b6 7.f4 Bb7 8.d3 e6
9.Nxd4 Bxd4+ 10.Kh1 a6 11.Bc4 d5 12.exd5 exd5 13.Ba2 Qd7 14.Ne2 Bg7 15.d4 c4
16.f5 Nf6 17.Ng3 O-O 18.c3 Rfe8 19.Bg5 Qc6 20.Bxf6 Bxf6 21.Qg4 Bg7 22.Bb1 Re3
23.Qf4 Rae8 24.Bc2 Bc8 25.Rf3 Rxf3 26.Qxf3 Bh6 27.Rf1 Re3 28.Qf2 Qe8 29.Bd1 Qe7
30.Bf3 Bb7 31.Bg4 Bc6 32.a5 bxa5 33.f6 Qd6 34.Ne2 Qb8 35.Qh4 Bf8 36.Qg5 Qe8
37.Ng3 Re1 38.Kg1 Qe3+ 39.Qxe3 Rxe3 40.Ra1 a4 41.Kf2 Re8 42.Bd1 Rb8 43.Ra2 Rb6
44.Ne2 a3 45.bxa3 Bd7 46.a4 Bh6 47.Ke1 Rb1 48.h3 Bg5 49.Ng1 Bxf6 50.Nf3 Kf8
51.Kd2 Ke7 52.g4 h5 53.g5 Bg7 54.h4 Bg4 55.a5 Kd6 56.Kc2 Bf5+ 57.Kd2 Bg4
58.Kc2 Bf5+ 59.Kd2 Be4 60.Ra4 Kc6  0-1